|
|
|
|
| LEADER |
01471nam a2200397 a 4500 |
| 001 |
nkc20112223471 |
| 003 |
CZ PrNK |
| 005 |
20120126094933.0 |
| 007 |
ta |
| 008 |
111125s2011 xr a e f 000 0 cze |
| 015 |
|
|
|a cnb002223471
|
| 020 |
|
|
|a 978-80-255-0550-2
|q (váz. v krabici)
|
| 035 |
|
|
|a (OCoLC)773170828
|
| 040 |
|
|
|a ABA001
|b cze
|
| 041 |
1 |
|
|a cze
|h eng
|
| 072 |
|
7 |
|a 663
|x Průmysl nápojů. Kvasný průmysl. Průmysl pochutin
|2 Konspekt
|9 19
|
| 080 |
|
|
|a 663.951/.954
|2 MRF
|
| 080 |
|
|
|a (035)
|2 MRF
|
| 100 |
1 |
|
|a Alcraft, Rob,
|d 1966-
|7 xx0041853
|4 aut
|
| 245 |
1 |
0 |
|a Čaj :
|b směsi, původ, rituály /
|c text Rob Alcraft ; z anglického originálu ... přeložil Richard Kříž
|
| 250 |
|
|
|a 3. vyd.
|
| 260 |
|
|
|a Čestlice :
|b Rebo,
|c 2011
|
| 300 |
|
|
|a 128 s. :
|b barev. il. ;
|c 15 cm +
|e krabice s příl. (keramická konvička + 2 šálky + 2 podšálky)
|
| 500 |
|
|
|a Kniha v kartonovém pouzdru přilepeném ke dnu krabice; rozměry krabice s pouzdrem 16 x 16 x 13 cm
|
| 500 |
|
|
|a ISBN uvedeno pouze na pouzdru
|
| 650 |
0 |
7 |
|a čaj
|7 ph135501
|2 czenas
|
| 650 |
0 |
9 |
|a tea
|2 eczenas
|
| 655 |
|
7 |
|a příručky
|7 fd133209
|2 czenas
|
| 655 |
|
9 |
|a handbooks and manuals
|2 eczenas
|
| 700 |
1 |
|
|a Kříž, Richard
|7 xx0059451
|4 trl
|
| 765 |
0 |
|
|t Tea
|9 Česky
|
| 910 |
2 |
|
|a BOA001
|b S-1277.019
|
| 990 |
|
|
|a BK
|
| 995 |
|
|
|a 01
|
| 991 |
|
|
|b 201112
|c NOV
|e n
|
| 996 |
6 |
|
|b 2610495893
|c S-1277.019
|l MZK
|r Sklad / do 24 hodin
|n 17
|p p.v.
|w 001218078
|u 000010
|a 1
|e BOA001
|j MZK50
|s P
|